| 000 | 00486nam a2200169Ia 4500 | ||
|---|---|---|---|
| 008 | 230917s9999||||xx |||||||||||||| ||und|| | ||
| 020 | _cRS 750.00 | ||
| 040 |
_e5011380 _aMAIN |
||
| 041 | _aEnglish | ||
| 082 | _a968.049 S18P | ||
| 100 | _aShankar, Prabha Ravi | ||
| 245 | 0 | _aPolaks and Mahatma Gandhi: A unique relationship | |
| 260 |
_aNew Delhi _bPromilla and Co. Publishers _c2020 |
||
| 300 | _a387 p. | ||
| 500 | _a4512 28/01/2022 HBD22/9224 28/01/2022 Main Budget | ||
| 942 | _cBK | ||
| 999 |
_c5371 _d5371 |
||